000
00285nmm a2200097Ia 4500
008
220120s9999||||xx |||||||||||||||||und||
082
_a
00 5.133 DEI
100
_a
Deitel, H.M. Deitel, P.J. & Goldberg A.B.
_9
3338
245
0
_a
Internet and world wide web : How to program
260
_c
2003
999
_c
138690
_d
138690